Cargando...
Calico Joe/
| Autor Principal: | |
|---|---|
| Formato: | Printed Book |
| Publicado: |
London:
Hodder,
2012.
|
| Subjects: |
| LEADER | 00482nam a22001577a 4500 | ||
|---|---|---|---|
| 020 | |a 9781444757187 | ||
| 082 | |a 823 |b JOH/C | ||
| 100 | |a John Grisham | ||
| 245 | |a Calico Joe/ |c John Grisham. | ||
| 260 | |a London: |b Hodder, |c 2012. | ||
| 300 | |a 246p. | ||
| 650 | |a Literature English |v Novel | ||
| 650 | |a Literature | ||
| 942 | |c BK | ||
| 999 | |c 55279 |d 55279 | ||
| 952 | |0 0 |1 0 |4 0 |6 823_000000000000000_JOH_C |7 0 |9 79022 |a SSUS |b SSUS |c STACKS |d 2015-08-05 |g 350.00 |o 823 JOH/C |p 077661 |r 2015-08-05 |w 2015-08-05 |y BK | ||